| 000 | 00750nam a22002417a 4500 | ||
|---|---|---|---|
| 999 |
_c24831 _d24831 |
||
| 003 | NUST | ||
| 005 | 20180604070247.0 | ||
| 008 | 151020b xxu||||| |||| 00| 0 eng d | ||
| 020 | _cAvailable | ||
| 038 | _aNurat Nadeem | ||
| 040 |
_aDLC _bDLC _cRCMS |
||
| 050 | _a004.12 ZEE | ||
| 082 | _a004.12 ZEE | ||
| 100 |
_aTariq Zeenat _910886 |
||
| 245 |
_aMS Thesis: Energy Efficient Load Balancing in Computational Grid _cZeenat Tariq |
||
| 260 |
_aIslamabad _bRCMS NUST _cc,2015, |
||
| 300 |
_avii,49,p: _bHB _c25,cm, |
||
| 440 |
_aMS Thesis Computational Sciences and Engineering _910887 |
||
| 500 | _aMS Thesis | ||
| 538 | _iShelf # 7 Row 1 Thesis | ||
| 700 | _4Dr. Syed Salman Shahid | ||
| 942 |
_2ddc _cTHE _h004.12 ZEE |
||